000 00348nam a2200133Ia 4500
008 201121s9999 xx 000 0 und d
020 _a9788185731605
082 _a615.5
_bQUD-A
100 _aQUDRY S.Z
245 0 _aATB OF INORGANIC PHARMACEUTICAL MEDICINAL CHEMISTRY
260 _bCBS PUBLISERS & DISTRIBUTORS
300 _a286
942 _cBK
999 _c32360
_d32360